Agriculture : Geography: theory in practice; book 2

Bibliographic Details
Main Author: HUGGETT
Other Authors: Meyer
Format: Book
Published: London : Harper & Row , 1980
Subjects:

MARC

LEADER 00000cam a2200000 7i4500
001 0000000472
005 20000822.0
020 0 0 |a 0063181665 
090 0 0 |a 338.1   |b HUG 1980 
100 1 0 |a HUGGETT   |h Richard 
245 1 0 |a Agriculture :   |b Geography: theory in practice; book 2   |c Richard Huggett and Iain Meyer 
260 0 0 |a London :   |b Harper & Row ,   |c 1980 
300 |a vii, 136 p. :   |b ill., maps ;   |c 25 cm. 
500 0 0 |a Includes bibliographical references 
650 0 0 |a Agricultural geography 
700 0 1 |a Meyer   |h Iain 
999 |a 0000001715   |b Monograph   |c Open Shelf   |e Default branch